000 00332nam a2200133Ia 4500
008 230917s9999||||xx |||||||||||||| ||und||
040 _e40459
_aMAIN
041 _aEnglish
082 _a958.1 A34A
245 0 _aAfghanistan today: ten years of the Saur revolution
260 _aDelhi
_bNavyug
_c1988
300 _a61 p.
942 _cBK
999 _c50754
_d50754